000 00623nam a2200253Ia 4500
003 OSt
005 20221007063553.0
006 a|||||r|||| 00| 0
007 ta
008 221006b |||||||| |||| 00| 0 eng d
020 _cRs. 4/-
024 _a23,750
037 _cTextual
040 _aFLL
_cFLL
_beng
041 _2eng
_aeng
082 _aZ2:166, F9
100 _aGhosh A.
245 0 _aProvincial Insolvency Act
250 _a7th
260 _aCalcutta
_bEastern Law House India
_c1929
300 _alxxix
_ccm.
942 _hZ2:166, F9
_cTEXL
_2CC
999 _c1131572
_d1131572